| 000 | 01622nam a2200445Ii 4500 | ||
|---|---|---|---|
| 001 | DIGBOSCH0197 | ||
| 003 | NyNyDIG | ||
| 006 | m o d | ||
| 007 | cr ||||||||||| | ||
| 008 | 220706s2019 sp ob 000 0 spa d | ||
| 035 | _a(OCoLC)1343908268 | ||
| 040 |
_aDGITA _beng _erda _epn _cDGITA |
||
| 020 |
_a9788412126037 _qdigital |
||
| 020 |
_z9788412126020 _qpapel |
||
| 043 | _ae-sp--- | ||
| 050 | 1 | 4 | _aKKH110.C35 ebook |
| 082 | 0 | 4 | _a347 |
| 100 | 1 |
_aTucci, José Rogério Cruz e, _eauthor. |
|
| 245 | 1 | 0 |
_aPiero Calamandrei : _bvida y obra : contribución para el estudio del proceso civil / _cJosé Rogério Cruz e Tucci. |
| 264 | 1 |
_aBarcelona : _bJMB Bosch Editor, _c2019. |
|
| 300 | _a1 online resource. | ||
| 336 |
_atext _btxt _2rdacontent |
||
| 336 |
_astill image _2rdacontent |
||
| 337 |
_acomputer _bc _2rdamedia |
||
| 338 |
_aonline resource _bcr _2rdacarrier |
||
| 347 |
_atext file _2rdaft |
||
| 347 | _bPDF | ||
| 504 | _aIncludes bibliographical references. | ||
| 588 | 0 | _aOnline resource; title from PDF title page (Digitalia, viewed July 6, 2022) | |
| 600 | 1 | 0 |
_aCalamandrei, Piero, _d1889-1956. |
| 650 | 0 |
_aLaw teachers _zSpain. |
|
| 650 | 0 |
_aCivil procedure _zSpain. |
|
| 655 | 0 | _aElectronic books. | |
| 776 | 0 | 8 |
_iPrint version: _aTucci, José Rogério Cruz e. _tPiero Calamandrei. _dBarcelona : JMB Bosch Editor, 2019 _z9788412126020 |
| 791 | 2 |
_aDigitalia (Firm), _edistributor. |
|
| 793 | 0 |
_gDigitalia eBook Collection: _aBosch Editor |
|
| 856 | 4 | 0 |
_3Digitalia Hispánica _uhttps://www.digitaliapublishing.com/a/62852/ |
| 910 | _aPremium collection: 2022 | ||
| 942 | _cRAA | ||
| 999 |
_c258789 _d258789 |
||